La ansiedad y sus trastornos. (Registro nro. 893)
[ vista simple ]
| 000 -LEADER | |
|---|---|
| fixed length control field | 01244nam a2200325 a 4500 |
| 008 - CAMPO DE CONTROL (LIBRO) | |
| fixed length control field | 110811s2007 ag a f |||| 001 0 spa d |
| 020 ## - INTERNATIONAL STANDARD BOOK NUMBER | |
| ISBN | 9789879165904 |
| 041 ## - CODIGO DE IDIOMA | |
| Código de idioma del texto/pista de sonido o título separado | spa |
| 092 ## - SIGNATURA TOPOGRAFICA DEWEY LOCAL | |
| número de clasificación | 616.89 |
| libristica | 12 |
| sección | CIA |
| 100 1# - ENTRADA PRINCIPAL--NOMBRE PERSONAL | |
| Nombre personal | Cía, Alfredo Horacio |
| 9 (RLIN) | 763 |
| 245 #3 - TITULO PROPIAMENTE DICHO | |
| Título | La ansiedad y sus trastornos. |
| Subtítulo y Título paralelo | Manual diagnóstico y terapéutico / |
| Mención de responsabilidad y remanente de la transcripción de la portada | Alfredo Horacio Cía |
| 250 ## - MENCION DE EDICION | |
| Mención de edición | 2a ed. |
| 260 ## - PIE DE IMPRENTA | |
| Lugar de publicación, distribución, etc | Buenos Aires: |
| Nombre de la editorial, distribuidor, etc | Polemos; |
| Fecha de publicación | 2007. |
| 300 ## - DESCRIPCION FISICA | |
| Extension | 480 p. |
| Dimensiones | 24x17 cm. |
| 500 ## - NOTA GENERAL | |
| Nota general | Cía, A. H. (2007). La ansiedad y sus trastornos. Manual diagnóstico y terapéutico. (2a ed.). Buenos Aires : Polemos. |
| 590 ## - NOTAS LOCALES (RLIN) | |
| Nota local | Donación Miguel Otero, Agosto 2011 |
| 653 ## - TÉRMINO INDIZADO - PALABRAS CLAVES | |
| Palabra clave | Introducción a la ansiedad |
| 653 ## - TÉRMINO INDIZADO - PALABRAS CLAVES | |
| Palabra clave | Neurobiología de la ansiedad |
| 653 ## - TÉRMINO INDIZADO - PALABRAS CLAVES | |
| Palabra clave | Trastorno de pánico con o sin agorafobia |
| 653 ## - TÉRMINO INDIZADO - PALABRAS CLAVES | |
| Palabra clave | Trastorno de ansiedad generalizada |
| 653 ## - TÉRMINO INDIZADO - PALABRAS CLAVES | |
| Palabra clave | Fobia social o trastorno de ansiedad social |
| 653 ## - TÉRMINO INDIZADO - PALABRAS CLAVES | |
| Palabra clave | Trastorno obsesivo-compulsivo |
| 653 ## - TÉRMINO INDIZADO - PALABRAS CLAVES | |
| Palabra clave | Fobias específicas |
| 653 ## - TÉRMINO INDIZADO - PALABRAS CLAVES | |
| Palabra clave | Trastorno por estrés agudo y postraumático |
| 653 ## - TÉRMINO INDIZADO - PALABRAS CLAVES | |
| Palabra clave | Ansiedad en grupos especiales según edad y género |
| 653 ## - TÉRMINO INDIZADO - PALABRAS CLAVES | |
| Palabra clave | Ansiedad en la clínica |
| 653 ## - TÉRMINO INDIZADO - PALABRAS CLAVES | |
| Palabra clave | Depresión y ansiedad |
| 653 ## - TÉRMINO INDIZADO - PALABRAS CLAVES | |
| Palabra clave | Instrumentos de evaluación |
| 942 ## - ADDED ENTRY ELEMENTS (KOHA) | |
| Source of classification or shelving scheme | Dewey Decimal Classification |
| Item type | Libros |
| Estado de retiro | Existencia | Fuente de clasificación | Estado general | No para prestamo | Ubicación permanente | ubicación actual | Sala de ubicación | Fecha de adquisición | Total Checkouts | Número de clasificación | Código de barras | Date last seen | Date last borrowed | Número de ejemplar | Price effective from | Koha tipo de elemento (item) |
|---|---|---|---|---|---|---|---|---|---|---|---|---|---|---|---|---|
| Dewey Decimal Classification | Biblioteca Medicina | Biblioteca Medicina | Circulación | 11/08/2011 | 1 | 616.89 12 CIA | 2125 | 06/11/2014 | 29/02/2012 | ej.1 | 11/08/2011 | Libros |